Billboard Hot 100 - December 20, 2025 - Statistics

General Stats
  • This quiz has been taken 13 times
  • The average score is 14 of 99
Answer Stats
# Artist Song % Correct
1 Mariah Carey All I Want For Christmas Is You
92%
3 Wham! Last Christmas
77%
2 Brenda Lee Rockin' Around The Christmas Tree
77%
5 Ariana Grande Santa Tell Me
62%
7 Taylor Swift The Fate of Ophelia
62%
6 HUNTR/X Golden
54%
9 Kelly Clarkson Underneath The Tree
54%
19 Bing Crosby White Christmas
54%
16 Jose Feliciano Feliz Navidad
38%
13 Michael Buble It's Beginning To Look A Lot Like Christmas
38%
22 Perry Como Its Beginning To Look A Lot Like Christmas
38%
4 Bobby Helms Jingle Bell Rock
38%
17 Olivia Dean Man I Need
38%
12 Alex Warren Ordinary
38%
8 Nat King Cole The Christmas Song
38%
10 Andy Wiliams It's The Most Wonderful Time Of The Year
31%
27 Eartha Kitt Santa Baby
31%
55 RAYE Where Is My Husband!
31%
26 sombr Back To Friends
23%
29 Elvis Presley Blue Christmas
23%
18 Darlene Love Christmas (Baby Please Come Home)
23%
36 Justin Bieber Daisies
23%
11 Dean Martin Let It Snow! Let It Snow! Let It Snow!
23%
31 Taylor Swift Opalite
23%
14 The Ronettes Sleigh Ride
23%
59 Sabrina Carpenter Tears
23%
15 Burl Ives A Holly Jolly Christmas
15%
72 Tame Impala Dracula
15%
77 Taylor Swift Elizabeth Taylor
15%
60 KATSEYE Gabriela
15%
44 Ed Sheeran, Elton John Merry Christmas
15%
92 Olivia Dean Nice To Each Other
15%
61 Myles Smith Nice To Meet You
15%
45 Donny Hathaway This Christmas
15%
100 Sabrina Carpenter When Did You Get Hot?
15%
33 Paul McCartney Wonderful Christmastime
15%
76 sombr 12 To 12
8%
87 Ed Sheeran Camera
8%
83 Cardi B ErrTime
8%
79 Alex Warren Eternity
8%
88 Taylor Swift Father Figure
8%
28 Gene Autry Here Comes Santa Claus
8%
38 Michael Buble Holly Jolly Christmas
8%
20 Frank Sinatra Jingle Bells
8%
32 Jonas Brothers Like It's Christmas
8%
50 Vince Guaraldi Trio Linus and Lucy (Peanuts Theme)
8%
41 The Beach Boys Little Saint Nick
8%
24 Leon Thomas Mutt
8%
90 Tate McRae Nobody's Girl
8%
35 Gene Autry Rudolph The Red-Nosed Reindeer
8%
40 Kelly Clarkson, Ariana Grande Santa, Can't You Hear Me
8%
54 Olivia Dean So Easy (To Fall In Love)
8%
82 Tyler The Creator Sugar On My Tongue
8%
53 Tate McRae Tit For Tat
8%
93 Taylor Swift Wi$h Li$t
8%
39 Thurl Ravenscroft You're A Mean One, Mr. Grinch
8%
57 Morgan Wallen 20 Cigarettes
0%
98 Loe Shimmy, Don Toliver 3am
0%
66 Megan Moroney 6 Months Later
0%
69 Olivia Dean A Couple Minutes
0%
75 Shaboozey, Jelly Roll Amen
0%
48 Dean Martin Baby It's Cold Outside
0%
95 Megan Moroney Beautiful Things
0%
67 Max McNown Better Me For You (Brown Eyes)
0%
25 Ella Langley Choosin' Texas
0%
37 Vince Guaraldi Trio Christmastime Is Here
0%
85 Parmalee Cowgirl
0%
89 Chase Matthew Darlin'
0%
86 Luke Combs Days Like These
0%
23 Nat King Cole Deck The Halls
0%
52 Riley Green, Ella Langley Don't Mind If I Do
0%
80 HARDY Favorite Country Song
0%
30 Kehlani Folded
0%
91 David Guetta, Teddy Swims, Tones And I Gone Gone Gone
0%
62 Russel Dickerson Happen To Me
0%
46 Andy Williams Happy Holidays/The Holiday Season
0%
64 BigXthaPlug, Ella Langley Hell At Night
0%
65 Hudson Westbrook House Again
0%
84 Jason Aldean How Far Does A Goodbye Go
0%
94 Morgan Wallen, Post Malone I Ain't Coming Back
0%
58 Mariah The Scientist, Kali Uchis Is It A Crime
0%
51 Chris Brown, Bryson Tiller It Depends
0%
99 She & Him I Thought I Saw Your Face Today
0%
81 Gavin Adcock Last One To Know
0%
97 Olivia Dean Let Alone The One You Love
0%
71 Lil Baby, Playboi Carti, Skooly Let's Do It
0%
34 Eagles Please Come Home For Christmas
0%
21 Chuck Berry Run Rudolph Run
0%
47 Jackson 5 Santa Claus Is Comin' To Town
0%
74 Gwen Stefani Shake The Snow Globe
0%
70 YoungBoy Never Broke Again Shot Callin
0%
96 The Marias Sienna
0%
73 Metro Boomin, Quavo, Breskii, YKNIECE Take Me Thru Dere
0%
68 Cody Johnson The Fall
0%
42 Perry Como There's No Place Like Home For The Holidays
0%
78 Cody Johnson Travelin' Soldier
0%
56 Gunna, Burna Boy wgft
0%
49 Darlene Love Winter Wonderland
0%
63 Justin Bieber Yukon
0%
No matching quizzes found
Score Distribution
Percent of People with Each Score
Percentile by Number Answered
Your Score History
You have not taken this quiz